000 00520nam a2200181Ia 4500
008 151202s9999||||xx |||||||||||||| ||und||
082 _bPNVM-56421
100 _aखेर भा.द.
245 _aअमृतपुत्र.
260 _b"श्रदा प्रकाशन,पुणे."
260 _c1992
300 _a414
600 _aखेर भा.द.
630 _aअमृतपुत्र.
700 _aखेर भा.द.
730 _aअमृतपुत्र.
942 _cBOOK
999 _c1322959
_d1322956